| 000 | 00443nam a2200157 i 4500 | ||
|---|---|---|---|
| 001 | 128406 | ||
| 003 | ES-MaACL | ||
| 005 | 20230906193252.0 | ||
| 007 | t| | ||
| 008 | 070510s1959 sp ||||1| spa d | ||
| 245 | 0 | 0 |
_aTablas de tubos de radio / _cEscuelas Internacionales. |
| 260 |
_aMadrid : _b[s.n.], _c1959. |
||
| 300 |
_a24 p. : _bil. ; _c29 cm. |
||
| 710 | 2 |
_aEscuelas Internacionales. _93618 |
|
| 852 |
_aES-MaACL _j2018-F-31 _bR.45980 |
||
| 999 |
_c128406 _d128406 |
||